[Event "Avoine op 33rd"]
[Site "Avoine"]
[Date "2018.07.25"]
[Round "5"]
[White "Rubino, William"]
[Black "Kumpen, Jona"]
[Result "1-0"]
[WhiteElo "2106"]
[BlackElo "1749"]
[PlyCount "67"]
[EventDate "2018.07.21"]
[EventType "swiss"]
[EventRounds "9"]
[EventCountry "FRA"]
[SourceTitle "CBM 185 Extra"]
[Source "ChessBase"]
[SourceDate "2018.07.29"]
[SourceVersion "1"]
[SourceVersionDate "2018.07.29"]
[SourceQuality "1"]

1. e4 e6 2. d4 d5 3. Nc3 Nf6 4. e5 Nfd7 5. f4 a6 6. Nf3 c5 7. Be3 Nc6 8. Qd2 b5 9. a3 Qc7 10. Ne2 Be7 11. c3 cxd4 12. Nexd4 Nc5 13. Nxc6 Qxc6 14. Bxc5 Bxc5 15. Nd4 Qc7 16. Bd3 Bd7 17. h4 h5 18. Qe3 Bxd4 19. cxd4 Rc8 20. Kf2 Qb6 21. Rhc1 Ke7 22. Rc5 b4 23. axb4 Qxb4 24. Rxa6 Qxb2+ 25. Kg3 Rxc5 26. dxc5 Rc8 27. c6 Rxc6 28. Rxc6 Bxc6 29. Qc5+ Kd8 30. Qxc6 Qb4 31. Qb5 Qe1+ 32. Kf3 Qc3 33. Qb8+ Kd7 34. Ke2 1-0

[Event "Helsingor Xtracon op"]
[Site "Helsingor"]
[Date "2017.07.23"]
[Round "3"]
[White "Meurman, Arne"]
[Black "Kumpen, Jona"]
[Result "1-0"]
[WhiteElo "1980"]
[BlackElo "1711"]
[PlyCount "53"]
[EventDate "2017.07.22"]
[EventType "swiss"]
[EventRounds "10"]
[EventCountry "DEN"]
[SourceTitle "CBM 179 Extra"]
[Source "ChessBase"]
[SourceDate "2017.08.23"]
[SourceVersion "1"]
[SourceVersionDate "2017.08.23"]
[SourceQuality "1"]

1. e4 e6 2. d4 d5 3. Nc3 Nf6 4. e5 Nfd7 5. f4 c5 6. Nf3 Nc6 7. Be3 a6 8. Qd2 Be7 9. g3 Qc7 10. Bg2 b5 11. 0-0 Bb7 12. Ne2 cxd4 13. Nexd4 Nb6 14. c3 Nc4 15. Qe2 Nxe3 16. Qxe3 Na5 17. f5 Nc4 18. Qe2 Bc8 19. Bh3 Bc5 20. fxe6 Bxe6 21. Bxe6 fxe6 22. b3 Nb6 23. Ng5 Qe7 24. Qg4 Bxd4+ 25. cxd4 h6 26. Nxe6 Kd7 27. Nf8+ 1-0

[Event "BEL-ch U18"]
[Site "Blankenberge"]
[Date "2017.04.10"]
[Round "2"]
[White "Marchal, Laurent"]
[Black "Kumpen, Jona"]
[Result "1-0"]
[WhiteElo "1898"]
[BlackElo "1713"]
[PlyCount "59"]
[EventDate "2017.04.09"]
[EventType "swiss"]
[EventRounds "9"]
[EventCountry "BEL"]
[SourceTitle "CBM 178 Extra"]
[Source "ChessBase"]
[SourceDate "2017.06.22"]
[SourceVersion "1"]
[SourceVersionDate "2017.06.22"]
[SourceQuality "1"]

1. Nf3 e6 2. d4 Nf6 3. c4 d5 4. e3 c5 5. Nc3 a6 6. b3 Nc6 7. Bd3 cxd4 8. exd4 Be7 9. 0-0 0-0 10. Ne2 Bd7 11. Ng3 Rc8 12. Bf4 Nb4 13. Ne5 Nxd3 14. Qxd3 Bc6 15. Nxc6 Rxc6 16. c5 Nd7 17. b4 f5 18. a4 g5 19. b5 axb5 20. axb5 Rc8 21. Qe2 Rf6 22. Bxg5 Rg6 23. Bxe7 Qxe7 24. Nxf5 Qg5 25. Ng3 Qh4 26. Rfd1 Rh6 27. h3 Rg6 28. Ra7 Re8 29. c6 Nf6 30. cxb7 1-0

[Event "EU Union-ch U15 12th"]
[Site "Mureck"]
[Date "2014.08.07"]
[Round "9.3"]
[White "Kumpen, Jona"]
[Black "Maetzkow, Maximilian Paul"]
[Result "1/2-1/2"]
[WhiteElo "1532"]
[BlackElo "1861"]
[PlyCount "107"]
[EventDate "2014.07.30"]
[EventType "swiss"]
[EventRounds "9"]
[EventCountry "AUT"]
[SourceTitle "EXT 2022"]
[Source "ChessBase"]
[SourceDate "2021.10.06"]
[SourceVersion "1"]
[SourceVersionDate "2021.10.06"]
[SourceQuality "1"]

1. d4 c5 2. e3 Nf6 3. Nf3 g6 4. Bd3 Bg7 5. c3 d6 6. 0-0 0-0 7. Nbd2 Nc6 8. h3 Qc7 9. Re1 h6 10. e4 e5 11. d5 Ne7 12. c4 Nh7 13. Nf1 f5 14. Rb1 Nf6 15. Ng3 f4 16. Nf1 g5 17. N3h2 h5 18. f3 Kf7 19. a3 Neg8 20. Be2 Nh6 21. Nd2 Rg8 22. Kh1 Bf8 23. Rf1 Be7 24. b3 Bd7 25. Rb2 Rg7 26. Rb1 Rag8 27. Rb2 b6 28. Ra2 Qc8 29. Rb2 g4 30. hxg4 hxg4 31. fxg4 Nhxg4 32. Nxg4 Nxg4 33. Bxg4 Bxg4 34. Nf3 Rh8+ 35. Kg1 Rgh7 36. Kf2 Rh2 37. Rg1 Qg8 38. Kf1 Qg6 39. Qd3 Rh1 40. Rc2 Rxg1+ 41. Kxg1 Qh5 42. Kf1 Bxf3 43. Qxf3 Qh1+ 44. Ke2 Rh2 45. Kd3 Qg1 46. Bb2 Rh1 47. Rc1 Qh2 48. Rxh1 Qxh1 49. Qe2 Bf6 50. Kc2 Qh4 51. Kd3 Kg6 52. Bc3 Qg3+ 53. Qf3 Kg5 54. Ke2 1/2-1/2

[Event "EU Union-ch U15 12th"]
[Site "Mureck"]
[Date "2014.08.06"]
[Round "8"]
[White "Mundstein, Alina"]
[Black "Kumpen, Jona"]
[Result "0-1"]
[WhiteElo "1403"]
[BlackElo "1532"]
[PlyCount "54"]
[EventDate "2014.07.30"]
[EventType "swiss"]
[EventRounds "9"]
[EventCountry "AUT"]
[SourceTitle "CBM 161 Extra"]
[Source "ChessBase"]
[SourceDate "2014.08.29"]
[SourceVersion "1"]
[SourceVersionDate "2014.08.29"]
[SourceQuality "1"]

1. e4 e6 2. d4 d5 3. exd5 exd5 4. Bd3 Nc6 5. Nf3 Bd6 6. c3 Nge7 7. Be3 Bg4 8. h3 Bh5 9. Nbd2 Qd7 10. Qc2 Bg6 11. Bxg6 hxg6 12. 0-0-0 0-0-0 13. Ng5 Rdf8 14. f4 Nf5 15. Qd3 Re8 16. Rde1 Nxe3 17. Rxe3 Bxf4 18. Rxe8+ Rxe8 19. Ngf3 Re3 20. Qf1 Qe7 21. Qd1 Na5 22. Kb1 Re2 23. Nb3 Nc4 24. Rg1 Rxb2+ 25. Ka1 Qa3 26. Nc1 Rxa2+ 27. Nxa2 Qb2# 0-1

[Event "EU Union-ch U15 12th"]
[Site "Mureck"]
[Date "2014.08.05"]
[Round "7"]
[White "Kumpen, Jona"]
[Black "Gelbenegger, Patrick"]
[Result "0-1"]
[WhiteElo "1532"]
[BlackElo "1815"]
[PlyCount "102"]
[EventDate "2014.07.30"]
[EventType "swiss"]
[EventRounds "9"]
[EventCountry "AUT"]
[SourceTitle "CBM 161 Extra"]
[Source "ChessBase"]
[SourceDate "2014.08.29"]
[SourceVersion "1"]
[SourceVersionDate "2014.08.29"]
[SourceQuality "1"]

1. d4 d5 2. Nf3 Nf6 3. e3 e6 4. Bd3 c5 5. c3 Nc6 6. 0-0 Bd6 7. Nbd2 0-0 8. dxc5 Bxc5 9. e4 Qc7 10. exd5 Nxd5 11. Nb3 Bd6 12. c4 Nf6 13. a3 h6 14. Be3 Ne5 15. Nbd4 Nxf3+ 16. Nxf3 Ng4 17. Qc1 Nxh2 18. Nxh2 Bxh2+ 19. Kh1 Be5 20. Rb1 Rd8 21. Rd1 Bd7 22. Qc2 Bc6 23. Bf1 Bf4 24. Bxf4 Qxf4 25. Kg1 Be4 26. Bd3 Bxd3 27. Rxd3 Qc7 28. Rbd1 Rxd3 29. Rxd3 Rc8 30. b4 Rd8 31. c5 Rxd3 32. Qxd3 Qe5 33. Qd8+ Kh7 34. Qd3+ f5 35. g3 a5 36. f4 Qe1+ 37. Qf1 Qxg3+ 38. Qg2 Qxa3 39. Qxb7 axb4 40. c6 Qc1+ 41. Kg2 b3 42. c7 b2 43. c8Q Qxc8 44. Qxc8 b1Q 45. Qc7 Qe4+ 46. Kf2 h5 47. Kg3 Qe1+ 48. Kg2 h4 49. Kf3 Qg3+ 50. Ke2 h3 51. Qf7 Qxf4 0-1

[Event "Maastricht Limburg op-C 8th"]
[Site "Maastricht"]
[Date "2014.06.09"]
[Round "6"]
[White "Heinen, Dai"]
[Black "Kumpen, Jona"]
[Result "0-1"]
[WhiteElo "1603"]
[BlackElo "1532"]
[PlyCount "64"]
[EventDate "2014.06.06"]
[EventType "swiss"]
[EventRounds "7"]
[EventCountry "NED"]
[SourceTitle "EXT 2015"]
[Source "ChessBase"]
[SourceDate "2014.11.20"]
[SourceVersion "1"]
[SourceVersionDate "2014.11.20"]
[SourceQuality "1"]

1. e4 e6 2. Nf3 d5 3. exd5 exd5 4. d4 Bd6 5. Bd3 Ne7 6. Be3 0-0 7. 0-0 Bf5 8. Bg5 f6 9. Be3 Nd7 10. Nc3 c6 11. Ne2 Qc7 12. Ng3 Bxd3 13. Qxd3 Nb6 14. b3 c5 15. dxc5 Bxc5 16. Nd4 Bxd4 17. Bxd4 Rfd8 18. c3 Nc6 19. Ne2 Nd7 20. Ng3 Nde5 21. Qd2 Rac8 22. Rac1 Qa5 23. Ne2 Kh8 24. Rfd1 Qb5 25. f3 Re8 26. Nf4 Nf7 27. Re1 Nce5 28. Bxe5 Rxe5 29. Rxe5 Nxe5 30. Qxd5 Qb6+ 31. Qd4 Qxd4+ 32. cxd4 Rxc1+ 0-1

[Event "Maastricht Limburg op-C 8th"]
[Site "Maastricht"]
[Date "2014.06.07"]
[Round "2"]
[White "Reichardt, Monica"]
[Black "Kumpen, Jona"]
[Result "0-1"]
[WhiteElo "1447"]
[BlackElo "1532"]
[PlyCount "70"]
[EventDate "2014.06.06"]
[EventType "swiss"]
[EventRounds "7"]
[EventCountry "NED"]
[SourceTitle "EXT 2015"]
[Source "ChessBase"]
[SourceDate "2014.11.20"]
[SourceVersion "1"]
[SourceVersionDate "2014.11.20"]
[SourceQuality "1"]

1. e4 e6 2. d4 d5 3. exd5 exd5 4. Nf3 Bd6 5. Nc3 Ne7 6. Bd3 c6 7. 0-0 0-0 8. Ne2 Bf5 9. Bf4 Bxd3 10. Qxd3 Ng6 11. Bg3 Qc7 12. Rfe1 Nd7 13. Bxd6 Qxd6 14. Ng3 Rfe8 15. Re3 Nf4 16. Qd2 Rxe3 17. Qxe3 Ne6 18. c3 c5 19. Nf5 cxd4 20. N3xd4 Qb6 21. b3 Re8 22. Qg3 g6 23. Qd6 Nxd4 24. Qxd7 Rd8 25. Nh6+ Kg7 26. Qxf7+ Kxh6 27. Qf4+ Kg7 28. cxd4 Re8 29. Qg4 Qb4 30. h3 Re7 31. Rc1 Qd2 32. Ra1 Qc3 33. Rb1 Qc2 34. Ra1 Qb2 35. Qd1 Rf7 0-1

[Event "BEL-ch U14"]
[Site "Blankenberge"]
[Date "2014.04.19"]
[Round "9"]
[White "Schelleman, Iris"]
[Black "Kumpen, Jona"]
[Result "1-0"]
[WhiteElo "1393"]
[BlackElo "1542"]
[PlyCount "41"]
[EventDate "2014.04.??"]
[EventType "swiss"]
[EventRounds "9"]
[EventCountry "BEL"]
[SourceTitle "EXT 2015"]
[Source "ChessBase"]
[SourceDate "2014.11.20"]
[SourceVersion "1"]
[SourceVersionDate "2014.11.20"]
[SourceQuality "1"]

1. e4 e6 2. d4 d5 3. Nd2 Nf6 4. e5 Nfd7 5. Bd3 c5 6. c3 Nc6 7. Ne2 a6 8. 0-0 b5 9. f4 b4 10. Nf3 cxd4 11. cxd4 Nb6 12. Ng3 Qc7 13. f5 Nd8 14. Be3 Qb7 15. Bg5 Bd7 16. Bxd8 Rxd8 17. Ng5 Nc4 18. Qh5 Bc8 19. fxe6 Bxe6 20. Nxe6 g6 21. Nxd8 1-0

[Event "EU Union-ch U13 11th"]
[Site "Mureck"]
[Date "2013.08.06"]
[Round "7"]
[White "Evans, James"]
[Black "Kumpen, Jona"]
[Result "0-1"]
[WhiteElo "1428"]
[BlackElo "1484"]
[PlyCount "50"]
[EventDate "2013.07.31"]
[EventType "swiss"]
[EventRounds "9"]
[EventCountry "AUT"]
[SourceTitle "CBM 155 Extra"]
[Source "ChessBase"]
[SourceDate "2013.08.26"]
[SourceVersion "1"]
[SourceVersionDate "2013.08.26"]
[SourceQuality "1"]

1. e4 e6 2. d4 d5 3. e5 c5 4. c3 Nc6 5. Nf3 Qb6 6. a3 Nh6 7. b4 cxd4 8. cxd4 Nf5 9. Bb2 Be7 10. Bd3 Bd7 11. Bxf5 exf5 12. 0-0 Be6 13. Nc3 0-0 14. Na4 Qc7 15. Nc5 b6 16. Nxe6 fxe6 17. Rc1 Qd7 18. Qa4 Rac8 19. Rc2 Nxe5 20. Qxd7 Nxd7 21. Rfc1 Rxc2 22. Rxc2 Bd8 23. Rc6 Kf7 24. Rc8 b5 25. Rb8 Nxb8 0-1